| 000 | 00953nam a2200169 a 4500 | ||
|---|---|---|---|
| 001 | 000036703 | ||
| 005 | 20200930075902.0 | ||
| 008 | 090805s1984 sp 000 0 spa d | ||
| 040 |
_aDO-SdBNP _bspa _cBNPHU |
||
| 100 | 1 |
_aJenofonte _962993 |
|
| 245 | 1 | 0 |
_aObras menores : _bHierón, Agesilao, La república de los lacedemonios, Los ingresos públicos, El jefe de la caballería, De la equitación, De la caza. La república de los atenienses / Pseudo Jenofonte / _cJenofonte ; introducciones, traducciones y notas de Orlando Guntiñas Tuñon. |
| 260 |
_aMadrid : _bGredos, _c1984. |
||
| 300 |
_a318 p. ; _c20 cm. |
||
| 440 | 0 |
_aBiblioteca clásica Gredos ; _v75 _98642 |
|
| 500 | _aIncluye índice | ||
| 505 | 0 |
_tHierón. -- _tAgesilao. -- _tLa república de los lacedemonios. -- _tLos ingresos públicos o Las rentas. -- _tEl jefe de la caballería o El hipárquico. -- _tDe la equitación. -- _tDe la caza. -- _tLa república de los atenienses / _rPseudo Jenofonte |
|
| 999 |
_c36194 _d36194 |
||